| 000 | 01096nam a2200277Ia 4500 | ||
|---|---|---|---|
| 003 | OSt | ||
| 005 | 20220923211544.0 | ||
| 006 | a|||||r|||| 00| 0 | ||
| 007 | ta | ||
| 008 | 220922b |||||||| |||| 00| 0 san d | ||
| 020 |
_a9789383721221 _c100 |
||
| 024 | _a324,486 | ||
| 037 |
_b414, 13/03/2018, Eastern Book Linkers _cTextual |
||
| 040 |
_aARTS _cARTS _bsan |
||
| 041 |
_2san _asan |
||
| 082 | _aLB, 152Q7 | ||
| 100 |
_aबोर्ड आफ स्कालर्स, ले. _9160770 |
||
| 245 | 0 | _aभैषज्यकल्पना विज्ञान | |
| 246 | _aBhaiṣhajyakalpanā vijnyāna | ||
| 260 |
_aवाराणसी _b चौखम्बा सुरभारती प्रकाशन _c2017 |
||
| 300 |
_a208पृ0 _ccm. |
||
| 490 | _aचौखम्बा आयुर्विज्ञान ग्रन्थमाला; 102 | ||
| 650 | _aवेद-आयुर्वेद | ||
| 942 |
_hLB, 152Q7 _cTEXL _2CC |
||
| 999 |
_c300730 _d300730 |
||